Sports Quiz

Random Sports or Basketball Quiz

Highest NBA Playoff PPG per Season Quiz Stats

Quiz Updated Jun 13, 2017

Challenge
Share
Tweet
Embed
Score 0/71 Timer 06:00
1 Play Today
Year Player % Correct
1986Michael Jordan
98.7%
1987Michael Jordan
98.7%
1989Michael Jordan
98.7%
1990Michael Jordan
98.7%
1991Michael Jordan
98.7%
1992Michael Jordan
98.7%
1993Michael Jordan
98.7%
1996Michael Jordan
98.7%
1997Michael Jordan
98.7%
1998Michael Jordan
98.7%
2009Lebron James
98.5%
2012Lebron James
98.5%
2003Kobe Bryant
97.9%
2007Kobe Bryant
97.9%
2008Kobe Bryant
97.9%
2011Kevin Durant
96.8%
2013Kevin Durant
96.5%
2000Shaquille O'Neal
96.5%
2014Kevin Durant
96.2%
2010Dwyane Wade
95.9%
2016Kevin Durant
95.3%
1999Allen Iverson
94.9%
2005Allen Iverson
94.9%
2017Russell Westbrook
93.8%
2004Dirk Nowitzki
92.1%
1988Hakeem Olajuwon
90.9%
1994Hakeem Olajuwon
90.9%
1995Hakeem Olajuwon
90.9%
1964Wilt Chamberlain
90.8%
2015Anthony Davis
89.8%
1970Kareem Abdul-Jabbar
89.5%
1972Kareem Abdul-Jabbar
89.5%
1974Kareem Abdul-Jabbar
89.5%
1977Kareem Abdul-Jabbar
89.5%
1983Kareem Abdul-Jabbar
89.5%
1965Jerry West
85.5%
Year Player % Correct
1966Jerry West
85.5%
1968Jerry West
85.5%
1969Jerry West
85.5%
2006Gilbert Arenas
83.7%
2001Tracy McGrady
82.2%
2002Tracy McGrady
82.2%
1978George Gervin
71.4%
1979George Gervin
71.4%
1980George Gervin
71.4%
1981George Gervin
71.4%
1982George Gervin
71.4%
1953Bob Cousy
64.8%
1954Bob Cousy
64.8%
1955Bob Cousy
64.8%
1960Elgin Baylor
64%
1961Elgin Baylor
64%
1962Elgin Baylor
64%
1963Elgin Baylor
64%
1949George Mikan
59.5%
1950George Mikan
59.5%
1951George Mikan
59.5%
1952George Mikan
59.5%
1957Bob Pettit
56.1%
1984Bernard King
52%
1967Rick Barry
46.2%
1975Bob McAdoo
45.2%
1985Rolando Blackman
24.9%
1971Bob Love
22.7%
1956Paul Arizin
22.5%
1973Lou Hudson
12.3%
1947Joe Fulks
11%
1948Joe Fulks
11%
1976Fred Brown
10.9%
1958Cliff Hagan
7.7%
1959Cliff Hagan
7.7%

You're not logged in!

Compare scores with friends on all Sporcle quizzes.
Sign Up with Email
OR
Log In

You Might Also Like...

Show Comments

Extras

Top Quizzes Today


Score Distribution

Your Account Isn't Verified!

In order to create a playlist on Sporcle, you need to verify the email address you used during registration. Go to your Sporcle Settings to finish the process.